[Event "4th Baskent University Open 2019"]
[Site "Ankara"]
[Date "2019.06.17"]
[Round "1"]
[White "Bernadskiy, Vitaliy"]
[Black "Kilic, Eray"]
[Result "1-0"]
[WhiteElo "2572"]
[BlackElo "1909"]
[Annotator "TA"]
[PlyCount "73"]
[EventDate "2019.06.18"]
[EventType "swiss"]
[EventCountry "TUR"]
[SourceTitle "playchess.com"]
[Source "ChessBase"]
[SourceQuality "1"]

{[%evp 11,73,27,57,56,63,54,72,19,43,8,31,-19,25,-47,-38,-37,-38,-69,0,-20,11,10,45,-63,124,89,156,82,53,59,118,14,36,27,64,67,90,47,123,106,147,127,185,157,352,346,670,663,881,892,863,820,906,885,874,854,770,612,2541,2521,29973,29975,6602,6602]} 1. e4 c6 2. d4 d5 3. e5 Bf5 4. Nf3 e6 5. Be2 Nd7 6. O-O Be7 7. Nbd2 {B12: Caro-Kann: Advance Variation} Nh6 8. Nb3 O-O 9. Bd2 $146 (9. Bxh6 $16 gxh6 10. Qd2) ({Predecessor:} 9. c3 Bg6 10. Bxh6 gxh6 11. Qd2 h5 12. Nc1 Kh8 13. Nd3 Rg8 14. Nf4 {1-0 (49) Mamedov,R (2709)-Pantsulaia,L (2593) Batumi 2018}) 9... f6 $11 10. c4 Nf7 {[%cal Rf6e5]} 11. Bc3 Nb6 12. Nbd2 (12. exf6 $11 Bxf6 13. Nc5) 12... fxe5 $15 13. dxe5 c5 {Strongly threatening ...d4.} 14. Re1 Ng5 (14... d4 $15 15. Ba5 Qb8 16. Bxb6 axb6) 15. Ba5 Ne4 16. Nf1 g5 {...g4 is the strong threat.} 17. Bd3 {[#]} (17. h3 $14) 17... Qc8 $2 (17... Nxf2 $1 $15 {[%mdl 512] keeps the upper hand.} 18. Kxf2 Bxd3 19. Qxd3 g4 {[%mdl 64] Pin}) 18. Ne3 {aiming for cxd5.} g4 (18... dxc4 $142 19. Nxf5 (19. Nxc4 Nxc4 20. Bxc4 Rb8 $11) 19... exf5 20. Bxe4 fxe4 21. Rxe4 Qe6) 19. Bxe4 (19. Nxf5 $142 exf5 20. cxd5 gxf3 21. d6 (21. gxf3 Ng5 $11)) 19... dxe4 $16 20. Nd2 Qe8 ({Black should play} 20... h5 $14) 21. Ndf1 ({Better is} 21. Nxg4 $16 {Black must now prevent Bxb6.} Qa4 22. Nh6+ Kg7 23. Nxf5+ exf5 24. Bc3) 21... Rd8 $11 22. Qe2 Qg6 23. Rad1 $36 {[%mdl 2048] White is pushing.} Rd4 24. Bc3 Rxd1 ({Black should try} 24... Rfd8 $1 $14) 25. Rxd1 $16 h5 26. b3 h4 {[#]} (26... Qh7 $16 {was worth a try.}) 27. a4 $1 $18 {[%cal Ba2a4,Ba4a5][%mdl 32]} g3 $2 (27... Rf7 $16 28. a5 Nc8 29. Nxf5 exf5) 28. fxg3 ({Don't play} 28. hxg3 hxg3 29. Nxg3 Bg5 $18) 28... h3 $2 (28... Qe8 29. Nxf5 exf5) 29. g4 Kh7 30. a5 Nc8 31. Ng3 hxg2 32. gxf5 exf5 33. Qxg2 f4 34. Qh3+ Kg8 35. e6 {[%csl Gc3][%cal Rh3h8]} Bf6 36. Bxf6 {[%mdl 64] Overworked Piece} Qxf6 37. Ng4 {Accuracy: White = 50%, Black = 20%.} 1-0

[Event "4th Baskent University Open 2019"]
[Site "Ankara"]
[Date "2019.06.17"]
[Round "1"]
[White "Iskandarov, Misratdin"]
[Black "Kuruz, Yusuf"]
[Result "1-0"]
[WhiteElo "2497"]
[BlackElo "1876"]
[Annotator "RC"]
[PlyCount "79"]
[EventDate "2019.06.18"]
[EventType "swiss"]
[EventCountry "TUR"]
[SourceTitle "playchess.com"]
[Source "ChessBase"]
[SourceQuality "1"]
[TimeControl "5400+30"]

1. c4 Nf6 2. Nf3 c5 3. Nc3 Nc6 4. g3 d6 5. Bg2 Bd7 6. O-O g6 7. d4 cxd4 8. Nxd4 Bg7 9. Nxc6 Bxc6 10. e4 O-O 11. Be3 a5 12. Rc1 Nd7 13. Qe2 Nc5 14. Rfd1 Qb6 15. f4 a4 16. Qf2 Ra5 17. e5 Bxg2 18. Qxg2 dxe5 19. fxe5 Qe6 20. Rd5 b6 21. Re1 h5 22. Nb5 Rc8 23. Bd2 Rxb5 24. cxb5 Qg4 25. Qe2 Qh3 {[%emt 1:31:19]} 26. Bg5 {[%emt 0:58:00]} Qe6 {[%emt 0:00:06]} 27. Red1 {[%emt 0:02:30]} Kh7 {[%emt 0:00:12]} 28. Qf3 {[%emt 0:05:30]} Bxe5 {[%emt 0:02:06]} 29. Rxe5 {[%emt 0:01:30]} Qxe5 {[%emt 0:00:30]} 30. Qxf7+ {[%emt 0:02:30]} Qg7 {[%emt 0:01:37]} 31. Qxe7 {[%emt 0:00:30]} Qxe7 {[%emt 0:00:30]} 32. Bxe7 {[%emt 0:00:00]} Kg7 {[%emt 0:04:09]} 33. Bd8 {[%emt 0:01:00]} Ne4 {[%emt 0:02:18]} 34. Bxb6 {[%emt 0:00:30]} Rc2 {[%emt 0:00:16]} 35. Bd4+ {[%emt 0:01:30]} Kf7 {[%emt 0:00:30]} 36. b6 {[%emt 0:00:30]} Nd6 {[%emt 0:00:12]} 37. Bc3 {[%emt 0:05:30]} a3 {[%emt 0:01:15]} 38. bxa3 {[%emt 0:00:30]} Rxc3 {[%emt 0:02:42]} 39. Rxd6 {[%emt 0:00:30]} Rc2 {[%emt 0:00:30]} 40. Rd4 {[%emt 0:00:30]} 1-0

[Event "4th Baskent University Open 2019"]
[Site "Ankara"]
[Date "2019.06.17"]
[Round "1"]
[White "Nagy, Gabor"]
[Black "Turkmen, Ataberk"]
[Result "1-0"]
[WhiteElo "2471"]
[BlackElo "1838"]
[Annotator "TA"]
[PlyCount "83"]
[EventDate "2019.06.18"]
[EventType "swiss"]
[EventCountry "TUR"]
[SourceTitle "playchess.com"]
[Source "ChessBase"]
[SourceQuality "1"]

{[%evp 13,83,34,44,40,50,41,71,37,47,44,25,0,75,63,90,77,77,85,82,86,87,72,74,80,101,63,77,58,74,65,63,55,58,59,62,67,75,33,68,68,68,68,86,89,162,163,155,141,233,225,227,225,228,227,230,201,295,298,358,362,340,281,272,259,259,195,587,579,579,563,896,886]} 1. c4 f5 2. Nc3 Nf6 3. g3 g6 4. Bg2 Bg7 5. Nf3 d6 6. d4 e6 7. O-O O-O 8. Qc2 {A87: Dutch Defence: Leningrad System: 5 Nf3} (8. Rb1 a5 9. b3 Nc6 10. d5 Nb4 11. dxe6 Bxe6 12. Nd4 Bc8 13. Bb2 c6 14. e3 Qe7 15. a3 Na6 {½-½ (41) Shankland,S (2666)-Li,R (2577) Saint Louis 2017}) 8... Qe7 9. e4 e5 10. Bg5 {dxe5 is the strong threat.White is better.} Nc6 11. dxe5 dxe5 12. Rfe1 f4 $146 (12... Qf7 $11) ({Predecessor:} 12... fxe4 13. Bxf6 Bxf6 14. Nd5 Qc5 15. Qxe4 Bf5 16. Nxf6+ Rxf6 {1-0 (61) Wan,M (1778)-Wang,T Ningbo 2017}) 13. gxf4 $16 Bg4 14. Nd5 Qf7 {next ...Bxf3 is good for Black.} 15. Nxe5 Nxe5 16. fxe5 Nh5 17. f3 Be6 18. f4 h6 19. Ne7+ Kh8 $1 20. f5 $1 gxf5 21. exf5 Bxf5 22. Qxf5 Qxf5 23. Nxf5 Rxf5 24. Bd2 $36 {[%mdl 2048] Black is under pressure.} Rxe5 25. Bf3 {[#] aiming for Rxe5.} Rd8 26. Rxe5 Bxe5 27. Bxh6 Kh7 28. Be3 Nf4 (28... Nf6 $16) 29. Rf1 $18 ({But not} 29. Bxa7 $6 b6 $16) 29... Bd4 30. Be4+ Kg8 (30... Ng6 $16) 31. Bxd4 Ne2+ 32. Kf2 Nxd4 33. Bxb7 {[%mdl 4096] Endgame KRB-KRN} c6 {If only Black now had time for ...Rf8+....} 34. Rd1 Rd7 (34... Kg7 {was necessary.} 35. b3 Kf6) 35. Bc8 Rf7+ 36. Ke3 c5 37. Bg4 Re7+ 38. Kd3 Nc6 {and if ...Ne5+ works, Black does fine.} 39. Kd2 Re4 $2 {[#]} (39... Ne5) 40. Bf3 {White is clearly winning.} Rd4+ 41. Ke3 Ne5 42. Bd5+ {Accuracy: White = 72%, Black = 29%.} 1-0

[Event "4th Baskent University Open 2019"]
[Site "Ankara"]
[Date "2019.06.17"]
[Round "1"]
[White "Nikcevic, Nebojsa"]
[Black "Demir, Baran"]
[Result "1-0"]
[WhiteElo "2435"]
[BlackElo "1851"]
[Annotator "TA"]
[PlyCount "127"]
[EventDate "2019.06.18"]
[EventType "swiss"]
[EventCountry "TUR"]
[SourceTitle "playchess.com"]
[Source "ChessBase"]
[SourceQuality "1"]

{[%evp 13,127,11,6,-6,5,0,-6,-2,0,0,0,-10,0,-1,11,0,16,0,34,32,63,0,23,18,29,27,25,30,66,64,122,129,179,166,256,252,250,270,304,308,299,289,369,362,356,361,507,288,288,323,293,244,255,255,255,255,255,255,256,0,538,0,269,245,271,270,272,272,280,279,316,316,526,511,512,524,650,650,623,613,650,650,687,675,744,639,641,636,635,633,683,683,5189,4956,29978,29979,29979,29980,29980,29981,29981,29982,29984,29985,29985,29986,29986,29982,29987,29987,29988,29988,29988,29989,29989,29990]} 1. Nf3 g6 2. d4 Nf6 3. Bf4 Bg7 4. e3 O-O 5. h3 c5 6. c3 d5 7. Nbd2 b6 8. a4 {D02: 1 d4 d5 2 Nf3 sidelines, including 2...Nf6 3 g3 and 2...Nf6 3 Bf4} Nc6 9. Ne5 Nxe5 (9... Bb7 10. Bb5 Nxe5 11. Bxe5 c4 12. a5 a6 13. Ba4 b5 14. Bc2 Bh6 15. g4 Qd7 {1-0 (39) Maghsoodloo,P (2688)-Yu,Y (2764) St Petersburg 2018}) 10. Bxe5 {The position is equal.} Nd7 11. Bxg7 Kxg7 12. Be2 e5 $146 ({Predecessor:} 12... Qc7 13. a5 Rb8 14. axb6 axb6 15. O-O Bb7 16. Qc2 Ra8 17. b3 cxd4 18. exd4 Rfc8 19. Rxa8 Rxa8 20. Nf3 Nf6 21. Re1 Rc8 22. Rc1 {½-½ (22) Hugo,T (2123)-Solar,J (2267) ICCF email 2014}) 13. O-O a5 14. Re1 Qf6 {[%cal Rc5d4]} 15. Nb3 c4 16. Nd2 exd4 17. exd4 (17. cxd4 $14 Ba6 18. Rc1) 17... Bb7 18. Bf3 Bc6 19. b3 cxb3 20. Qxb3 Qd6 21. c4 {[%cal Rc4d5]} Bb7 ({Black should play} 21... Nf6 $1 $14) 22. cxd5 $16 Nf6 {[%cal Rb7d5]} 23. Nc4 $1 {[%csl LRb6,LRd6]} Qf4 (23... Qd8 $142) 24. Nxb6 $18 Rab8 25. Qc3 Qd6 26. Qxa5 Rfd8 27. Qc5 Bxd5 28. Nxd5 Nxd5 29. a5 Qd7 (29... Nb4 $142 30. Qxd6 Rxd6) 30. Qxd5 Qxd5 31. Bxd5 Rxd5 {[%mdl 4096] Endgame KRR-KRR} 32. Ra4 Ra8 33. a6 Ra7 34. Kf1 Rd6 35. Rea1 Re6 36. Re1 $2 {[#]} (36. g4 $18) 36... Ra8 $2 {[%mdl 8192]} (36... Rd6 $1 $11) 37. Rea1 Ra7 38. Ra5 Rd6 39. R1a4 Kf6 40. Ke2 Ke6 41. Kd3 Kd7 42. Kc4 Rc6+ $2 {[#]} (42... Rb6 {was worth a try.} 43. Kc5 Rd6) 43. Kb5 Rd6 44. Rc4 Ra8 45. a7 Rd5+ 46. Rc5 Rxd4 47. Kb6 Rb4+ 48. Rcb5 Rc4 49. Rd5+ Ke6 50. Rdc5 Rb4+ 51. Rcb5 Rc4 52. Kb7 Rcc8 53. Rc5 Rd8 54. Ra6+ {White mates.} Ke7 55. Rc7+ Kf8 56. Rf6 Kg8 57. Rfxf7 g5 58. Rg7+ Kh8 59. Rxh7+ Kg8 60. Rcg7+ Kf8 61. Rd7 {[%cal Rh7h8]} Kg8 62. Rhg7+ Kh8 63. Rxd8+ Rxd8 64. Rc7 {Accuracy: White = 73%, Black = 24%.} 1-0

[Event "4th Baskent University Open 2019"]
[Site "Ankara"]
[Date "2019.06.17"]
[Round "1"]
[White "Mammadov, Zaur"]
[Black "Saridag, Omer Melih"]
[Result "1-0"]
[WhiteElo "2428"]
[BlackElo "1870"]
[Annotator "RC"]
[PlyCount "139"]
[EventDate "2019.06.18"]
[EventType "swiss"]
[EventCountry "TUR"]
[SourceTitle "playchess.com"]
[Source "ChessBase"]
[SourceQuality "1"]
[TimeControl "5400+30"]

1. e4 d5 2. exd5 Qxd5 3. Nc3 Qa5 4. d4 Nf6 5. Bc4 Bg4 6. Nf3 Nc6 7. Bb5 O-O-O 8. Bxc6 bxc6 9. h3 Bxf3 10. Qxf3 Qa6 11. Ne2 e6 12. O-O Qc4 13. Bf4 Bd6 14. c3 Qd5 15. Qd3 c5 16. Bxd6 Rxd6 17. Nf4 Qc6 18. Qg3 Rg8 19. Nd3 Ne4 20. Qf3 cxd4 21. cxd4 {[%emt 0:51:30]} Nd2 {[%emt 1:37:51]} 22. Qxf7 {[%emt 0:00:30]} Qe8 {[%emt 0:00:30]} 23. Qxe8+ {[%emt 0:00:30]} Rxe8 {[%emt 0:00:09]} 24. Rfd1 {[%emt 0:00:00]} Nc4 {[%emt 0:01:16]} 25. b3 {[%emt 0:04:00]} Na3 {[%emt 0:00:30]} 26. Ne5 {[%emt 0:01:30]} Nc2 {[%emt 0:00:56]} 27. Rac1 {[%emt 0:00:30]} Rxd4 {[%emt 0:01:06]} 28. Rxd4 {[%emt 0:00:00]} Nxd4 {[%emt 0:00:30]} 29. Rc4 {[%emt 0:00:00]} Nf5 {[%emt 0:00:30]} 30. Ra4 {[%emt 0:00:30]} Kb7 {[%emt 0:00:30]} 31. Rb4+ {[%emt 0:02:30]} Ka8 {[%emt 0:00:42]} 32. Nd3 {[%emt 0:00:30]} Rd8 {[%emt 0:00:30]} 33. Nc5 {[%emt 0:00:30]} Rd6 {[%emt 0:00:38]} 34. Re4 {[%emt 0:02:30]} Nd4 {[%emt 0:00:30]} 35. Kh2 {[%emt 0:00:30]} a5 {[%emt 0:00:40]} 36. Rf4 {[%emt 0:01:30]} Kb8 {[%emt 0:00:30]} 37. Rf8+ {[%emt 0:00:30]} Ka7 {[%emt 0:00:30]} 38. Rf7 {[%emt 0:01:30]} Rc6 {[%emt 0:00:30]} 39. Ne4 {[%emt 0:00:30]} Nf5 {[%emt 0:00:19]} 40. g4 {[%emt 0:00:30]} Nd4 {[%emt 0:00:50]} 41. Rxg7 {[%emt 0:00:30]} Rc2 {[%emt 0:00:00]} 42. Rxh7 {[%emt 0:01:30]} Re2 {[%emt 0:00:11]} 43. Ng5 {[%emt 0:01:30]} Rxf2+ {[%emt 0:00:54]} 44. Kg3 {[%emt 0:00:30]} Rxa2 {[%emt 0:00:00]} 45. Rxc7+ {[%emt 0:01:30]} Kb6 {[%emt 0:00:00]} 46. Rc8 {[%emt 0:00:00]} Kb7 {[%emt 0:00:15]} 47. Rc4 {[%emt 0:00:00]} Nxb3 {[%emt 0:01:02]} 48. Nxe6 {[%emt 0:00:30]} Nd2 {[%emt 0:00:30]} 49. Rf4 {[%emt 0:00:30]} Ra3+ {[%emt 0:01:12]} 50. Kg2 {[%emt 0:00:30]} Re3 {[%emt 0:00:30]} 51. Nd4 {[%emt 0:04:30]} Re4 {[%emt 0:00:39]} 52. Rxe4 {[%emt 0:02:30]} Nxe4 {[%emt 0:00:08]} 53. h4 {[%emt 0:00:00]} Kc7 {[%emt 0:00:54]} 54. Kf3 {[%emt 0:00:00]} Nd6 {[%emt 0:00:16]} 55. Kf4 {[%emt 0:01:30]} Kd7 {[%emt 0:00:36]} 56. h5 {[%emt 0:00:30]} Ke8 {[%emt 0:00:30]} 57. Ke5 {[%emt 0:00:00]} Nf7+ {[%emt 0:00:41]} 58. Kf6 {[%emt 0:00:00]} Kf8 {[%emt 0:00:18]} 59. g5 {[%emt 0:00:30]} Kg8 {[%emt 0:00:48]} 60. g6 {[%emt 0:02:30]} Nd6 {[%emt 0:00:49]} 61. h6 {[%emt 0:00:00]} Ne4+ {[%emt 0:00:01]} 62. Ke7 {[%emt 0:00:00]} Ng5 {[%emt 0:00:17]} 63. Ne6 {[%emt 0:00:30]} Nh7 {[%emt 0:00:45]} 64. Nc5 {[%emt 0:00:30]} Nf8 {[%emt 0:00:24]} 65. Kf6 {[%emt 0:01:30]} Nd7+ {[%emt 0:00:46]} 66. Kf5 {[%emt 0:00:30]} Nb8 {[%emt 0:00:13]} 67. Na4 {[%emt 0:00:30]} Nc6 {[%emt 0:00:16]} 68. Nb6 {[%emt 0:00:00]} Kh8 {[%emt 0:00:27]} 69. Nd5 {[%emt 0:00:00]} Nb8 {[%emt 0:00:44]} 70. Ke4 {[%emt 0:00:30]} 1-0

[Event "4th Baskent University Open 2019"]
[Site "Ankara"]
[Date "2019.06.17"]
[Round "1"]
[White "Can, Isik"]
[Black "Guler, Muhammed Talha"]
[Result "1-0"]
[WhiteElo "2379"]
[BlackElo "1808"]
[Annotator "RC"]
[PlyCount "59"]
[EventDate "2019.06.18"]
[EventType "swiss"]
[EventCountry "TUR"]
[SourceTitle "playchess.com"]
[Source "ChessBase"]
[SourceQuality "1"]
[TimeControl "5400+30"]

1. e4 c6 2. d4 d5 3. e5 c5 4. dxc5 e6 5. a3 Nd7 6. Nf3 Nxc5 7. b4 Ne4 8. Bd3 f5 9. O-O a5 10. bxa5 Bc5 11. Nbd2 Ne7 12. Nb3 O-O 13. Bd2 Nc6 14. Nxc5 Nxc5 15. Bb4 Nxd3 16. Bxf8 Ndxe5 17. Nxe5 Nxe5 18. Bb4 Qh4 19. Rb1 Bd7 20. Bc3 Qf4 21. Rxb7 {[%emt 1:18:30]} Bc6 {[%emt 1:09:30]} 22. Bxe5 {[%emt 0:00:30]} Qxe5 {[%emt 0:00:30]} 23. Rb6 {[%emt 0:00:30]} Qc7 {[%emt 0:00:30]} 24. Qd2 {[%emt 0:00:30]} e5 {[%emt 0:02:30]} 25. Qc3 {[%emt 0:00:30]} Rc8 {[%emt 0:00:00]} 26. Rfb1 {[%emt 0:00:00]} Qd7 {[%emt 0:02:00]} 27. Qxe5 {[%emt 0:00:00]} d4 {[%emt 0:00:30]} 28. a6 {[%emt 0:00:30]} Re8 {[%emt 0:00:30]} 29. Qxe8+ {[%emt 0:00:30]} Qxe8 {[%emt 0:01:30]} 30. Rb8 {[%emt 0:00:30]} 1-0

[Event "4th Baskent University Open 2019"]
[Site "Ankara"]
[Date "2019.06.17"]
[Round "1"]
[White "Simantsev, Mikhail"]
[Black "Benk, Tolga Tugay"]
[Result "1-0"]
[WhiteElo "2373"]
[BlackElo "1885"]
[Annotator "TA"]
[PlyCount "39"]
[EventDate "2019.06.18"]
[EventType "swiss"]
[EventCountry "TUR"]
[SourceTitle "playchess.com"]
[Source "ChessBase"]
[SourceQuality "1"]

{[%evp 9,39,17,31,31,31,31,26,26,28,12,65,39,100,105,125,100,133,136,152,116,171,161,224,214,355,358,591,600,1182,1155,1133,1119]} 1. d4 d5 2. c4 e6 3. Nc3 a6 4. cxd5 exd5 5. Nf3 h6 6. Bf4 {D31: Queen's Gambit Declined: Semi-Slav without ...Nf6 (+ Marshall Gambit and Noteboom) and Exchange Variation lines without ...Nf6} Nf6 7. e3 Bd6 8. Be5 {White has an edge.} (8. Bxd6 Qxd6 9. Qc2 O-O 10. Bd3 Re8 11. h3 Be6 12. O-O Nbd7 13. a4 {½-½ (40) Shankland,S (2725)-Carlsen,M (2835) Wijk aan Zee 2019}) 8... c6 9. Qc2 $146 ({Predecessor:} 9. Bd3 O-O 10. O-O Re8 11. Na4 Bg4 12. Bxd6 Qxd6 {0-1 (75) Egresi,M (2178)-Gergacz,B (2034) Hungary 2015}) 9... Bg4 (9... O-O $11) 10. Bd3 Bxf3 ({Black should try} 10... O-O $14) 11. gxf3 $16 Bxe5 12. dxe5 Nfd7 13. f4 Nc5 14. O-O-O Nbd7 (14... Qe7 $16) 15. Bf5 $18 O-O (15... Qa5 {is a better defense.}) 16. Rhg1 Qe7 (16... Kh8 {was worth a try.} 17. e4 Qh4) 17. Qe2 {aiming for Rxg7+!} Ne6 $2 (17... Nxe5 18. fxe5 Qxe5) 18. Qh5 {White is clearly winning.} g6 {[#]} 19. Bxg6 $1 {[%mdl 512]} fxg6 20. Rxg6+ {Accuracy: White = 88%, Black = 23%.} 1-0

[Event "4th Baskent University Open 2019"]
[Site "Ankara"]
[Date "2019.06.17"]
[Round "1"]
[White "Koksal, Ege"]
[Black "Kavri, Yusuf Eren"]
[Result "1-0"]
[WhiteElo "2363"]
[BlackElo "1719"]
[Annotator "RC"]
[PlyCount "101"]
[EventDate "2019.06.18"]
[EventType "swiss"]
[EventCountry "TUR"]
[SourceTitle "playchess.com"]
[Source "ChessBase"]
[SourceQuality "1"]
[TimeControl "5400+30"]

1. d4 Nf6 2. c4 e6 3. Nf3 d5 4. Nc3 Be7 5. Bg5 O-O 6. e3 Nbd7 7. c5 c6 8. Be2 b6 9. b4 bxc5 10. bxc5 h6 11. Bh4 Qa5 12. Qd2 Re8 13. O-O Ba6 14. Rfc1 Bd8 15. Bg3 Bxe2 16. Qxe2 Bc7 17. e4 Bxg3 18. hxg3 dxe4 19. Nxe4 Nxe4 20. Qxe4 Qa4 21. Qd3 Red8 22. Qb3 Qa6 23. Rd1 Rab8 24. Qc2 Qa5 25. g4 Rb4 26. Rab1 Rdb8 27. Rb3 Qa4 28. Rdb1 R8b5 29. g5 hxg5 30. Nxg5 {[%emt 0:54:00]} Nf6 {[%emt 1:34:37]} 31. Nf3 {[%emt 0:00:30]} Nd5 {[%emt 0:02:43]} 32. g3 {[%emt 0:00:30]} Rxb3 {[%emt 0:02:13]} 33. axb3 {[%emt 0:01:30]} Qb4 {[%emt 0:00:30]} 34. Kg2 {[%emt 0:00:30]} a5 {[%emt 0:01:27]} 35. Rh1 {[%emt 0:02:30]} Nf6 {[%emt 0:00:51]} 36. Ra1 {[%emt 0:04:30]} Qxb3 {[%emt 0:03:26]} 37. Qxb3 {[%emt 0:00:30]} Rxb3 {[%emt 0:00:30]} 38. Rxa5 {[%emt 0:00:00]} Nd5 {[%emt 0:00:56]} 39. Ne5 {[%emt 0:02:00]} Rb8 {[%emt 0:01:33]} 40. Ra7 {[%emt 0:01:30]} f6 {[%emt 0:00:57]} 41. Nxc6 {[%emt 0:00:30]} Rc8 {[%emt 0:00:00]} 42. Ra6 {[%emt 0:02:30]} Kf7 {[%emt 0:00:23]} 43. Kf3 {[%emt 0:00:30]} Ne7 {[%emt 0:00:46]} 44. Nxe7 {[%emt 0:00:30]} Kxe7 {[%emt 0:00:01]} 45. Ra7+ {[%emt 0:00:00]} Kf8 {[%emt 0:00:45]} 46. Ke4 {[%emt 0:01:00]} e5 {[%emt 0:00:35]} 47. Rd7 {[%emt 0:00:00]} exd4 {[%emt 0:01:00]} 48. Kxd4 {[%emt 0:00:00]} g6 {[%emt 0:00:07]} 49. Kd5 {[%emt 0:00:30]} Ke8 {[%emt 0:00:25]} 50. Rh7 {[%emt 0:00:30]} Rd8+ {[%emt 0:00:36]} 51. Ke4 {[%emt 0:00:30]} 1-0

[Event "4th Baskent University Open 2019"]
[Site "Ankara"]
[Date "2019.06.17"]
[Round "1"]
[White "Sade, Defne"]
[Black "Maghalashvili, Davit"]
[Result "0-1"]
[WhiteElo "1943"]
[BlackElo "2500"]
[Annotator "RC"]
[PlyCount "80"]
[EventDate "2019.06.18"]
[EventType "swiss"]
[EventCountry "TUR"]
[SourceTitle "playchess.com"]
[Source "ChessBase"]
[SourceQuality "1"]
[TimeControl "5400+30"]

1. e4 c5 2. Nf3 d6 3. Bb5+ Nc6 4. O-O Bd7 5. Re1 a6 6. Bxc6 Bxc6 7. d4 cxd4 8. Nxd4 Nf6 9. Nxc6 bxc6 10. Nc3 Nd7 11. Be3 e6 12. Qf3 Be7 13. Qg3 O-O 14. Rad1 Ne5 15. Bd4 Ng6 16. Na4 e5 17. Bb6 Qc8 18. Ba5 Rb8 19. Nb6 Qe6 20. Qc3 Nf4 21. Nc4 Qg4 22. Qf3 Qe6 23. Qc3 Rb7 24. Rd2 f6 25. g3 Nh3+ 26. Kg2 {[%emt 1:23:00]} Ng5 {[%emt 1:07:00]} 27. b3 {[%emt 0:08:09]} d5 {[%emt 0:01:30]} 28. exd5 {[%emt 0:01:02]} cxd5 {[%emt 0:00:30]} 29. h4 {[%emt 0:07:58]} Ne4 {[%emt 0:00:30]} 30. Rxe4 {[%emt 0:00:46]} dxe4 {[%emt 0:00:30]} 31. Ne3 {[%emt 0:00:30]} Rc8 {[%emt 0:00:30]} 32. Qa1 {[%emt 0:00:22]} Bc5 {[%emt 0:01:30]} 33. c4 {[%emt 0:02:32]} Rd7 {[%emt 0:02:30]} 34. Nd5 {[%emt 0:00:59]} Bd4 {[%emt 0:00:30]} 35. Bc3 {[%emt 0:00:56]} Rxd5 {[%emt 0:02:30]} 36. cxd5 {[%emt 0:00:12]} Qxd5 {[%emt 0:00:00]} 37. Kh2 {[%emt 0:00:28]} Bxc3 {[%emt 0:01:00]} 38. Qxc3 {[%emt 0:00:30]} Rxc3 {[%emt 0:00:30]} 39. Rxd5 {[%emt 0:00:08]} Rc2 {[%emt 0:00:00]} 40. Ra5 {[%emt 0:01:35]} e3 {[%emt 0:00:00]} 0-1

[Event "4th Baskent University Open 2019"]
[Site "Ankara"]
[Date "2019.06.17"]
[Round "1"]
[White "Kilic, Gokturk Kagan"]
[Black "Annaberdiev, Meilis"]
[Result "0-1"]
[WhiteElo "1934"]
[BlackElo "2531"]
[Annotator "TA"]
[PlyCount "90"]
[EventDate "2019.06.18"]
[EventType "swiss"]
[EventCountry "TUR"]
[SourceTitle "playchess.com"]
[Source "ChessBase"]
[SourceQuality "1"]

{[%evp 19,90,-15,-25,-53,-19,-8,0,-5,-6,-24,-23,-20,-10,-29,-29,-45,0,-107,-89,-109,-109,-97,-93,-225,-217,-223,-166,-180,-66,-64,-56,-62,-21,-16,0,-33,-21,-18,-36,-48,27,0,45,46,110,112,113,113,113,116,119,93,87,88,91,95,89,96,137,0,134,130,182,182,245,0,0,-178,-178,-1250,-1164,-814,-66]} 1. e4 c5 2. Nf3 e6 3. d4 cxd4 4. Nxd4 a6 5. Nc3 Qc7 6. Bd3 Nf6 7. O-O Nc6 8. Be3 b5 9. a3 Bb7 10. Nb3 Ne5 11. h3 {B48: Sicilian: Taimanov: 5 Nc3 Qc7 6 Be3 a6 without Be2} (11. f4 Nc4 12. Bxc4 bxc4 13. Nd2 Be7 14. Qe2 Rc8 15. Rad1 d6 16. Bd4 O-O 17. e5 dxe5 18. Bxe5 Qc6 {0-1 (68) Kadam,O (2082)-Fominyh,A (2405) Taleigao 2018}) 11... d6 12. f4 Ned7 13. Qf3 $146 {The position is equal.} ({Predecessor:} 13. Qe1 Be7 14. Rd1 Rc8 15. g4 g6 16. Qg3 Qb8 17. Rde1 Ba8 18. Qh2 Nb6 {0-1 (41) Ujtumen,T-Cuellar Gacharna,M Skopje 1972}) 13... Be7 14. Rae1 O-O 15. Qg3 Rfe8 16. Bd4 e5 17. Be3 exf4 (17... Nh5 $5 {[%cal Rh5g3]} 18. Qf3 exf4 19. Qxh5 Nf6 $11) 18. Bxf4 (18. Qxf4 $11 {keeps the balance.} Ne5 19. Nd4) 18... Nh5 $17 19. Qf3 Nxf4 20. Qxf4 Bf6 21. Nd5 (21. Nd1 $17) 21... Bxd5 $1 $19 22. exd5 Rxe1 23. Rxe1 Ne5 (23... Bxb2 $19 {White must now prevent ...Ne5.} 24. a4 (24. Re7 $2 Qb6+ 25. Qf2 Qxf2+ 26. Kxf2 Ne5 $19) 24... Ne5 25. axb5 axb5) 24. Be4 $15 Re8 25. Qf2 Ng6 26. c3 $1 Re7 27. g3 Qc8 28. Kg2 Qe8 29. Qf3 Re5 (29... Ne5 $15 30. Qf5 Kf8) 30. Re2 Ne7 31. Nd4 a5 (31... Qd7 $14) 32. Qd3 $36 {[%mdl 2048] White is really pushing.} h5 33. Nf3 Ng6 34. Nxe5 Nxe5 35. Bh7+ Kf8 36. Qf5 h4 37. g4 Qd8 {next ...g6 is good for Black.} 38. Rf2 a4 39. Kg1 (39. Kf1 $16) 39... Bg5 (39... Qb6 $1 $11 {remains equal.}) 40. Kh2 Qb6 (40... Bf6 $16 {was necessary.} 41. Rf4 Nc4) 41. Bg6 $1 $18 {[%cal Rg6f7]} Bf6 (41... Qa7 {keeps fighting.}) 42. Bh7 $2 ({White has to play} 42. g5 $1 $18 {[%cal Rg5f6]} Bxg5 43. Bxf7) 42... Qe3 43. Qf4 $2 {[#]} (43. g5 $11 {and White has nothing to worry.} Bxg5 44. Bg6) 43... Nxg4+ $1 $19 {[%mdl 64] Deflection} 44. Qxg4 $2 ({Don't blunder} 44. hxg4 $2 {[#]} Be5 $1 $19 {[%mdl 512]}) (44. Kg2 Qxf2+ 45. Qxf2 Nxf2 46. Bc2) 44... Qxf2+ {[%mdl 64] Double Attack} 45. Qg2 Qxg2+ $2 {Accuracy: White = 35%, Black = 40%.} (45... Qf4+ $19 46. Kh1 g6) 0-1